Word Scramble-Brand Names - Statistics

General Stats
  • This quiz has been taken 27 times
  • The average score is 9 of 18
Answer Stats
Brand Names % Correct
Samsung
73%
Nike
68%
Apple
59%
Hulu
59%
Adidas
55%
Gatorade
55%
Jetpunk
55%
Michelin
55%
Doritos
50%
Microsoft
45%
Amazon Music
41%
Blackberry
41%
Chevrolet
41%
Paypal
41%
Amazon Prime
36%
Old Navy
36%
Mastercard
27%
Giant Food Store
23%
No matching quizzes found
Score Distribution
Percent of People with Each Score
Percentile by Number Answered
Your Score History
You have not taken this quiz